| 000 | 00649nam a22002177a 4500 | ||
|---|---|---|---|
| 003 | DO-SdBNP | ||
| 005 | 20171208150622.0 | ||
| 008 | 171026b 2015|||| |||| 00| 0 spa d | ||
| 020 | _a9788415999256 | ||
| 040 |
_aBPMSU _bspa _cBPMSU |
||
| 100 | 1 | _aHugo, Víctor | |
| 245 | 1 | 4 |
_aLos miserables / _cVíctor Hugo ; traducción y prólogo Francesc LL. Cardona |
| 260 |
_aBarcelona : _bOlmak Trade ; _c2015. |
||
| 300 |
_a410 p. ; _c23 cm. |
||
| 490 | 1 |
_aAbierta _v42 |
|
| 700 |
_aCardona, Francesc LL., _etr. y pról. |
||
| 830 | 0 | _aAbierta | |
| 942 |
_2ddc _cBK |
||
| 945 | _aInventariado extranjero / 2017 YL | ||
| 956 |
_aBTAVAREZ _b10 _c20172610 _d0038 |
||
| 999 |
_c12701 _d12701 |
||